000 00344nam a2200133Ia 4500
008 231129s9999||||xx |||||||||||||| ||spa||
020 _a91-7702-105-3
040 _bspa
082 _a(i) 808.068543 D726a
100 _aDoumerc Beatriz
245 0 _aAserrin aserran
264 _aNordan
942 _2ddc
_cBKS
999 _c5674
_d5674